Financial Modeling 5/e

Saved in:
Bibliografiske detaljer
Hovedforfatter: Benninga
Format: Bog
Udgivet: MIT Press
Tags: Tilføj Tag
Ingen Tags, Vær først til at tagge denne postø!

MARC

LEADER 00000nam a2200000Ia 4500
005 20260513122050.0
020 |a 9780262046428 
100 |a Benninga 
365
365 |b 25.00 
942 |c BK 
245 |a Financial Modeling 5/e 
260 |b MIT Press 
999 |c 24  |d 24 
952 |0 0  |1 0  |4 0  |7 0  |a UNSW  |b UNSW  |d 2026-05-06  |g 125.00  |i 16681  |l 0  |p 000067  |r 2026-05-13 12:20:50  |v 125.00  |w 2026-05-13  |y BK